| 000 | nam a22 7a 4500 | ||
|---|---|---|---|
| 999 |
_c128952 _d128952 |
||
| 008 | 190212b xxu||||| |||| 00| 0 eng d | ||
| 020 | _a9781770366404 | ||
| 050 | _aBV4501.2.N267 2011 | ||
| 100 |
_aNasser, David _944532 |
||
| 245 |
_aHow do I know the invisible God? _brevealing God's glory in your life _cDavid Nasser |
||
| 260 |
_aSouth Africa _bChristian art publishers _c2011 |
||
| 300 |
_a190p. ; _c21cm. |
||
| 650 |
_aSpiritual life _xChristian authors _944533 |
||
| 942 |
_2lcc _cMONOGRAPH |
||